Outlines of Muhammadan Law (Record no. 2419)
[ view plain ]
| 000 -LEADER | |
|---|---|
| fixed length control field | 00459nam a2200157Ia 4500 |
| 008 - FIXED-LENGTH DATA ELEMENTS--GENERAL INFORMATION | |
| fixed length control field | 151213s9999 xx 000 0 und d |
| 100 ## - MAIN ENTRY--PERSONAL NAME | |
| Personal name | Gorge Stopper , David Kelly |
| 245 ## - TITLE STATEMENT | |
| Title | Outlines of Muhammadan Law |
| Statement of responsibility, etc. | Gorge Stopper , David Kelly |
| 250 ## - EDITION STATEMENT | |
| Edition statement | 7th |
| 260 ## - PUBLICATION, DISTRIBUTION, ETC. (IMPRINT) | |
| Place of publication, distribution, etc. | U S A |
| Name of publisher, distributor, etc. | Cakendish Publishing Ltd, |
| Date of publication, distribution, etc. | 2004 |
| 300 ## - PHYSICAL DESCRIPTION | |
| Extent | 3625 p. |
| 650 ## - SUBJECT ADDED ENTRY--TOPICAL TERM | |
| Topical term or geographic name as entry element | English Literature |
| 650 ## - SUBJECT ADDED ENTRY--TOPICAL TERM | |
| Topical term or geographic name as entry element | English Literature |
| 700 ## - ADDED ENTRY--PERSONAL NAME | |
| Personal name | Gorge Stopper , David Kelly |
No items available.
